000 00235nam a2200097Ia 4500
008 220204s9999 xx 000 0 und d
082 _aNR:063RT`1987'
_bIRC
245 0 _aRubber con '87: Abstracts
260 _aUK
_bPRI
_c1987
942 _cBK
999 _c40342
_d40342